000 00818nas a2200277 4500
001 BR0904834
003 BR-BrBNA
005 20231205113544.0
007 ta
008 230509b bl.|||p| |||| 00| 00por d
040 _aBR-BrBNA
_bpor
_cBiblioteca Nacional de Agricultura
041 _a(En)
072 _aH20
100 1 _aYamamoto, P.T.
100 1 _aFelippe, M.R.
100 1 _aCaetano, A.C.
100 1 _aSanches, A.L.
100 1 _aLopes, J.R.S.
245 1 _aFirst report of figeriana dubia cavichioli transmitting Xylella fastidiosa to citrus
650 _aCITRO
650 _aGAFANHOTO
650 _aPRAGA DE PLANTA
773 0 _tFitopatologia Brasileira (Brazil)
_xISSN 01003458
_g(May-Jun 2007), v. 32(3) p. 266
_wBR0904834
909 _a202311
_bLúcia
_c55
_dLúcia Elande
942 _2AGRIS
_n0
_cANA
999 _c204412
_d204412